01315 a2200205 45000010006000000050017000060080041000230030015000640400040000790800063001192450023001820200022002052640051002273000019002785050610002971000024009077000017009317000027009488560134009752497620260407155532.0260407a1996 arg spa dAR-UNSa-BCEJYS aAR-UNSa-BCEJYSbspacAR-UNSa-BCEJYS a316.728xEstilo de vida. Sociología de la vida cotidiana10aLa calidad de vida a978-968-16-4898-5 1aMéxico :bFondo de Cultura Económicac1996 a588 p.c23 cm. a1. ¿Igualdad de qué? Sobre el bienestar, los bienes y las capacidades - 2. Capacidad y bienestar - 3.Descripciones de la desigualdad: el enfoque sueco de la investigación sobre el bienestar - 4. Tener, amar, ser: una alternativa al modelo sueco de investigación sobre el bienestar - 5. Medidas de calidad de vida en el cuidado de la salud y la ética médica - 6. La objetividad y la distinción ciencia-ética - 7. Objetividad y significado social - 8. El valor, el deseo y la calidad de vida - 9. La explicación y la razón práctica - 10. Virtudes no relativas: un enfoque aristotélico1 aNussbaum, Martha C.1 aSen, Amartya1 aReyes Mazzoni, Roberto41uhttps://biblioeco.unsa.edu.ar/pmb/images/libros/La calidad de vida Nussbaum, Martha C. (1996).jpgyImagen de portadaqimage/jpeg